Foreign property buyers (Record no. 15296)

MARC details
000 -LEADER
fixed length control field 00682cab a2200193 4500
001 - CONTROL NUMBER
control field WB2613-26
008 - FIXED-LENGTH DATA ELEMENTS--GENERAL INFORMATION
fixed length control field 090401t1990 xxu||||| |||| 00| 0 eng d
035 ## - SYSTEM CONTROL NUMBER
System control number (Sirsi) u22812
041 ## - LANGUAGE CODE
Language code of text/sound track or separate title eng
245 ## - TITLE STATEMENT
Title Foreign property buyers
260 ## - PUBLICATION, DISTRIBUTION, ETC.
Date of publication, distribution, etc. 1990
350 ## - PRICE (NR) (BK AM CF MU VM SE) [OBSOLETE]
Price 0
490 ## - SERIES STATEMENT
Series statement Financial Times
Volume/sequential designation 24/3/90 pXII
490 ## - SERIES STATEMENT
Series statement Sunday Correspondent
Volume/sequential designation 25/3/90 p47(2)
520 ## - SUMMARY, ETC.
Summary, etc. Recent events in the eastern bloc have opened up a new property market for holiday home buyers if they can overcome the property laws of Eastern Europe an countries, while buyers from the Far East continue to buy into the London market.
690 ## - LOCAL SUBJECT ADDED ENTRY--TOPICAL TERM (OCLC, RLIN)
Topical term or geographic name as entry element OVERSEAS
942 ## - ADDED ENTRY ELEMENTS (KOHA)
Suppress in OPAC 0
948 ## - LOCAL PROCESSING INFORMATION (OCLC); SERIES PART DESIGNATOR (RLIN)
c (OCLC) 04/03/1997
Holdings
Withdrawn status Lost status Source of classification or shelving scheme Damaged status Not for loan Home library Current library Shelving location Date acquired Total Checkouts Full call number Barcode Date last seen Copy number Price effective from Koha item type
    Dewey Decimal Classification     London London News article 14/09/1999   WB2613-26 22812-1001 06/08/2019 1 06/08/2019 News article